La antropología : (Record no. 3262)

MARC details
000 -CABECERA
campo de control de longitud fija 00717nam a2200217 a 4500
005 - FECHA Y HORA DE LA ÚLTIMA TRANSACCIÓN
campo de control 20210223120542.0
008 - ELEMENTOS DE LONGITUD FIJA--INFORMACIÓN GENERAL
campo de control de longitud fija 991125s1978 es 000 0 spa u
020 ## - NÚMERO INTERNACIONAL NORMALIZADO PARA LIBROS
Número Internacional Estándar del Libro 8427110863
035 ## - NÚMERO DE CONTROL DEL SISTEMA
Número de control de sistema UPN01000003262
049 ## - COLECCIÓN
Colección C
050 #4 - SIGNATURA TOPOGRÁFICA DE LA BIBLIOTECA DEL CONGRESO
Número de clasificación GN11
Número de documento/Ítem A5.78
245 03 - MENCIÓN DE TÍTULO
Título La antropología :
Resto del título desde el hombre primitivo a las sociedades actuales /
Mención de responsabilidad, etc. dir. André Akoun ; tr. J. L. Larrinaga.
260 ## - PUBLICACIÓN, DISTRIBUCIÓN, ETC.
Lugar de publicación, distribución, etc. Bilbao, Esp. :
Nombre del editor, distribuidor, etc. Mensajero,
Fecha de publicación, distribución, etc. 1978.
300 ## - DESCRIPCIÓN FÍSICA
Extensión 572 p., [1] h. pleg. :
Otras características físicas il.
440 #0 - MENCIÓN DE SERIE/ASIENTO SECUNDARIO--TÍTULO
Título Diccionarios del saber moderno
534 ## - NOTA SOBRE LA VERSIÓN ORIGINAL
Frase introductoria Traducción de:
Mención de título del original L'Anthropologia
500 ## - NOTA GENERAL
Nota general Título tomado de la cubierta
650 #4 - ASIENTO SECUNDARIO DE MATERIA - TERMINO TEMATICO
Término de materia o nombre geográfico como elemento de entrada ANTROPOLOGIA -
Subdivisión de forma DICCIONARIOS
9 (RLIN) 4765
700 1# - ASIENTO SECUNDARIO--NOMBRE DE PERSONAL
Nombre de persona Akoun, André,
Término indicativo de función/relación dir.
905 ## - TIPO DE MATERIAL
Tipo de material Libro
Holdings
Estado de retiro Estado de pérdida Fuente del sistema de clasificación o colocación Estado dañado No para préstamo Código de colección Localización permanente Ubicación/localización actual Ubicación en estantería Total de préstamos Clasificación Código de barras Fecha visto por última vez Número de copia Tipo de ítem Koha
    Library of Congress Classification   Consulta Consulta Bib. Gregorio Torres Quintero Bib. Gregorio Torres Quintero Sala de lectura Sótano   GN11 A5.78 8387 31/12/2020 1 Libro